[Event "Qatar Masters Open 2015"]
[Site "Doha QAT"]
[Date "2015.12.29"]
[Round "9.32"]
[White "Vocaturo, Daniele"]
[Black "Kashlinskaya, Alina"]
[Result "0-1"]
[WhiteElo "2597"]
[BlackElo "2448"]
[PlyCount "112"]
[EventDate "2015.12.20"]
[EventType "swiss"]
[EventRounds "9"]
[EventCountry "QAT"]
[Source "lmi"]
[SourceDate "2015.12.20"]

1. Nf3 Nf6 2. g3 g6 3. Bg2 Bg7 4. O-O c5 5. d3 O-O 6. e4 Nc6 7. Re1 e5 8. c3 d6
9. h3 h6 10. a3 Be6 11. b4 cxb4 12. axb4 a6 13. Nbd2 Rc8 14. Bb2 Nh7 15. Nf1
Qd7 16. Kh2 f5 17. exf5 gxf5 18. d4 exd4 19. Nxd4 Nxd4 20. cxd4 f4 21. d5 fxg3+
22. fxg3 Bxh3 23. Bxh3 Rf2+ 24. Kg1 Qxh3 25. Kxf2 Bxb2 26. Rb1 Qf5+ 27. Kg1 Rc2
28. Re8+ Kf7 29. Re2 Rxe2 30. Qxe2 Bd4+ 31. Kh1 Qxb1 32. Qe6+ Kg7 33. Qg4+ Ng5
34. Qxd4+ Kg6 35. Kg2 Qf5 36. Qc4 Qf3+ 37. Kg1 Ne4 38. Qc2 Kf6 39. Qb2+ Qc3 40.
Qh2 Qd4+ 41. Kh1 Nf2+ 42. Kg2 Ng4 43. Qh4+ Kg6 44. Kh3 Nf2+ 45. Kg2 Qxh4 46.
gxh4 Nd3 47. Ne3 Nxb4 48. Nc4 Nxd5 49. Nxd6 b5 50. Kf3 Kh5 51. Nf5 b4 52. Ke2
a5 53. Kd2 a4 54. Kc2 Nb6 55. Kd3 b3 56. Kc3 Nc4 0-1

[Event "Qatar Masters Open 2015"]
[Site "Doha QAT"]
[Date "2015.12.29"]
[Round "9.33"]
[White "Tregubov, Pavel V"]
[Black "Basso, Pier Luigi"]
[Result "1/2-1/2"]
[WhiteElo "2589"]
[BlackElo "2438"]
[PlyCount "163"]
[EventDate "2015.12.20"]
[EventType "swiss"]
[EventRounds "9"]
[EventCountry "QAT"]
[Source "lmi"]
[SourceDate "2015.12.20"]

1. c4 c6 2. Nf3 d5 3. e3 Nf6 4. b3 e6 5. Bb2 Bd6 6. Nc3 O-O 7. Qc2 e5 8. cxd5
cxd5 9. Nb5 Nc6 10. Nxd6 Qxd6 11. Be2 Bg4 12. Qd1 d4 13. Nxd4 exd4 14. Bxg4
dxe3 15. fxe3 Nxg4 16. Qxg4 f6 17. Bc3 Ne5 18. Qd4 Qa6 19. Qa4 Qd3 20. Bxe5
fxe5 21. Qc4+ Qxc4 22. bxc4 Rac8 23. Rc1 Rf6 24. Rf1 Rfc6 25. Rf5 Rxc4 26. Rxc4
Rxc4 27. Rxe5 Ra4 28. Re7 b5 29. Rb7 a6 30. Ke2 Rxa2 31. e4 Rb2 32. Ra7 Ra2 33.
Rb7 Rb2 34. Ra7 Ra2 35. e5 b4 36. Ke3 Ra1 37. Kd4 a5 38. Rb7 Rd1 39. d3 Rf1 40.
Rb5 Rf8 41. Rxa5 Rb8 42. Ra2 b3 43. Rb2 Rb5 44. Ke4 Kf7 45. d4 Ke6 46. Kd3 Rb8
47. Kc4 Rc8+ 48. Kd3 Rb8 49. Kc4 Rc8+ 50. Kxb3 Kd5 51. Rc2 Ra8 52. Rd2 Rc8 53.
Kb4 Rc1 54. Kb5 Rc6 55. Rf2 Rg6 56. Re2 Re6 57. Rd2 h5 58. h4 Rg6 59. Kb4 Rc6
60. Kb3 Rc4 61. Rd3 Rc6 62. Kb4 Rc4+ 63. Kb5 Rc6 64. Rg3 Re6 65. Rd3 Rg6 66. g3
Re6 67. Kb4 Rc6 68. Kb3 Rc4 69. Rd2 Rc6 70. Rd3 Rc4 71. e6 Rc8 72. e7 Re8 73.
Kc3 Rxe7 74. Rf3 g6 75. Kd3 Ra7 76. Ke3 Re7+ 77. Kd3 Ra7 78. Ke3 Re7+ 79. Kf2
Kxd4 80. Rf6 Rg7 81. Kf3 Ke5 82. Ra6 1/2-1/2

[Event "Qatar Masters Open 2015"]
[Site "Doha QAT"]
[Date "2015.12.29"]
[Round "9.34"]
[White "Vignesh, N R."]
[Black "Rambaldi, Francesco"]
[Result "1/2-1/2"]
[WhiteElo "2422"]
[BlackElo "2560"]
[PlyCount "74"]
[EventDate "2015.12.20"]
[EventType "swiss"]
[EventRounds "9"]
[EventCountry "QAT"]
[Source "lmi"]
[SourceDate "2015.12.20"]

1. d4 e6 2. Nf3 Nf6 3. c4 d5 4. e3 a6 5. b3 b6 6. Bd3 Bb7 7. O-O Bd6 8. Nbd2
Ne4 9. Bb2 Nd7 10. Qe2 O-O 11. Rfd1 Qf6 12. Nf1 Qh6 13. Ne5 Rfd8 14. Rac1 Nf8
15. f3 Bxe5 16. dxe5 Nc5 17. b4 Nxd3 18. Qxd3 Qg5 19. c5 bxc5 20. bxc5 Bc6 21.
Ng3 Rdb8 22. Bd4 Nd7 23. Qa3 a5 24. Rb1 a4 25. Qc3 Qd8 26. f4 Nf8 27. Qc2 Qc8
28. Ne2 Qa6 29. Kf2 Ng6 30. Nc3 Ne7 31. Rxb8+ Rxb8 32. Rb1 Ra8 33. Qb2 h6 34.
a3 Nf5 35. Qe2 Qc8 36. Rb4 Qd8 37. g3 Qe8 1/2-1/2

[Event "Qatar Masters Open 2015"]
[Site "Doha QAT"]
[Date "2015.12.29"]
[Round "9.35"]
[White "Xu, Jun"]
[Black "Tissir, Mohamed"]
[Result "1-0"]
[WhiteElo "2526"]
[BlackElo "2346"]
[PlyCount "95"]
[EventDate "2015.12.20"]
[EventType "swiss"]
[EventRounds "9"]
[EventCountry "QAT"]
[Source "lmi"]
[SourceDate "2015.12.20"]

1. d4 Nf6 2. c4 g6 3. Nc3 Bg7 4. e4 O-O 5. Nf3 d6 6. Be2 e5 7. O-O Nbd7 8. Be3
h6 9. h3 exd4 10. Bxd4 Re8 11. Qc2 c6 12. Rad1 Qe7 13. Rfe1 Ne5 14. b4 Nfd7 15.
Nd2 Qh4 16. Be3 Qf6 17. Na4 g5 18. Nf1 Qe7 19. Ng3 Nf6 20. c5 d5 21. Nc3 dxe4
22. Ncxe4 Nxe4 23. Qxe4 Be6 24. Bd4 Rad8 25. Bc3 Rxd1 26. Rxd1 Bd5 27. Qc2 Qe6
28. Nf5 Bf8 29. Re1 Qd7 30. Ne3 Bg7 31. Rd1 Qe6 32. Nxd5 cxd5 33. b5 Rd8 34.
Bd4 Ng6 35. Bg4 Qe7 36. c6 bxc6 37. bxc6 Qc7 38. Bxg7 Kxg7 39. Qb2+ Ne5 40. Bd7
Rb8 41. Qd4 Rb6 42. Rc1 Rb5 43. a4 Rb3 44. Re1 f6 45. Qxd5 Rb2 46. Qe6 Qb6 47.
Qe7+ Nf7 48. Rf1 1-0

[Event "Qatar Masters Open 2015"]
[Site "Doha QAT"]
[Date "2015.12.29"]
[Round "9.36"]
[White "Aryan, Chopra"]
[Black "Bromberger, Stefan"]
[Result "1/2-1/2"]
[WhiteElo "2436"]
[BlackElo "2521"]
[PlyCount "63"]
[EventDate "2015.12.20"]
[EventType "swiss"]
[EventRounds "9"]
[EventCountry "QAT"]
[Source "lmi"]
[SourceDate "2015.12.20"]

1. e4 c5 2. Nf3 d6 3. d4 cxd4 4. Nxd4 Nf6 5. Nc3 a6 6. Be3 e5 7. Nb3 Be7 8. h3
Be6 9. f4 Nbd7 10. f5 Bxb3 11. axb3 d5 12. exd5 Bb4 13. Qd3 Rc8 14. g4 O-O 15.
Bg2 Nc5 16. Bxc5 Rxc5 17. O-O Bxc3 18. bxc3 e4 19. Bxe4 Nxe4 20. Qxe4 Rxd5 21.
Rae1 Rd2 22. Re2 Rxe2 23. Qxe2 Re8 24. Qf2 h5 25. Re1 hxg4 26. hxg4 Rxe1+ 27.
Qxe1 b5 28. Qe2 a5 29. Qxb5 Qd1+ 30. Kf2 Qxc2+ 31. Ke3 Qxc3+ 32. Ke4 1/2-1/2

[Event "Qatar Masters Open 2015"]
[Site "Doha QAT"]
[Date "2015.12.29"]
[Round "9.40"]
[White "Roy, Prantik"]
[Black "Sunilduth Lyna, Narayanan"]
[Result "1/2-1/2"]
[WhiteElo "2370"]
[BlackElo "2494"]
[PlyCount "60"]
[EventDate "2015.12.20"]
[EventType "swiss"]
[EventRounds "9"]
[EventCountry "QAT"]
[Source "lmi"]
[SourceDate "2015.12.20"]

1. d4 Nf6 2. c4 e6 3. Nc3 Bb4 4. e3 O-O 5. Nge2 c6 6. a3 Ba5 7. Qc2 d5 8. Ng3
Nbd7 9. Bd3 dxc4 10. Bxc4 e5 11. O-O exd4 12. exd4 Nb6 13. Ba2 Nbd5 14. Bg5 h6
15. Bxf6 Nxf6 16. Rad1 Nd5 17. Nxd5 cxd5 18. b4 Bb6 19. Rfe1 Bg4 20. f3 Rc8 21.
Qd3 Bd7 22. Nf5 Bxf5 23. Qxf5 Rc6 24. Re5 g6 25. Qd3 Bc7 26. b5 Rb6 27. Rxd5
Qh4 28. f4 Re8 29. Rd7 Re7 30. Rxe7 Qxe7 1/2-1/2

[Event "Qatar Masters Open 2015"]
[Site "Doha QAT"]
[Date "2015.12.29"]
[Round "9.41"]
[White "Shoker, Samy"]
[Black "Vaishali, R."]
[Result "1-0"]
[WhiteElo "2489"]
[BlackElo "2313"]
[PlyCount "125"]
[EventDate "2015.12.20"]
[EventType "swiss"]
[EventRounds "9"]
[EventCountry "QAT"]
[Source "lmi"]
[SourceDate "2015.12.20"]

1. Nf3 Nf6 2. g3 e6 3. Bg2 Be7 4. O-O d5 5. d3 b6 6. Nbd2 Bb7 7. e4 c5 8. Re1
Nc6 9. c3 Qc7 10. a3 O-O 11. Qe2 a5 12. a4 Nd7 13. h4 Ba6 14. e5 Rae8 15. Nb1
c4 16. d4 b5 17. axb5 Bxb5 18. Na3 Ba6 19. Nc2 Nb6 20. h5 Rb8 21. Ne3 a4 22. h6
g6 23. Ng4 a3 24. Bg5 Nd7 25. Bxe7 Nxe7 26. Rxa3 Rb6 27. Rea1 Bb7 28. Qd2 Kh8
29. R1a2 Ng8 30. Ng5 f5 31. exf6 Ndxf6 32. Ne5 Nxh6 33. Nxe6 Rxe6 34. Qxh6 Kg8
35. Ra7 Qb6 36. Qd2 Ne4 37. Bxe4 dxe4 38. Qe3 Qb3 39. Ra1 Ref6 40. Rf1 Rf5 41.
Qe2 e3 42. f3 Qb6 43. Raa1 Bd5 44. Qxe3 Qxb2 45. Rab1 Qc2 46. Rb5 Rh5 47. Qf2
Qxf2+ 48. Kxf2 Bxf3 49. Ke3 Bg2 50. Rxf8+ Kxf8 51. Nd7+ Ke7 52. Rxh5 gxh5 53.
Nb6 Bf1 54. d5 Kf6 55. Kd4 Bh3 56. Nxc4 Kg5 57. Ne5 h4 58. gxh4+ Kxh4 59. d6 h5
60. c4 Kg3 61. c5 h4 62. Ng6 Bd7 63. Nxh4 1-0

[Event "Qatar Masters Open 2015"]
[Site "Doha QAT"]
[Date "2015.12.29"]
[Round "9.42"]
[White "Esen, Baris"]
[Black "Moroni, Luca Jr"]
[Result "1/2-1/2"]
[WhiteElo "2562"]
[BlackElo "2466"]
[PlyCount "92"]
[EventDate "2015.12.20"]
[EventType "swiss"]
[EventRounds "9"]
[EventCountry "QAT"]
[Source "lmi"]
[SourceDate "2015.12.20"]

1. d4 e6 2. c4 Bb4+ 3. Bd2 Bxd2+ 4. Qxd2 Nf6 5. Nf3 O-O 6. g3 d6 7. Bg2 Qe7 8.
O-O e5 9. Nc3 Re8 10. e4 Bg4 11. d5 Bxf3 12. Bxf3 a5 13. Rae1 Nbd7 14. Bd1 c6
15. Bc2 Nc5 16. b3 Qc7 17. a3 Rab8 18. Rb1 Na6 19. Rfd1 Red8 20. Bd3 g6 21. Kh1
Kg7 22. Bf1 h5 23. h4 cxd5 24. Nxd5 Nxd5 25. cxd5 Qb6 26. Bh3 Re8 27. Rdc1 Re7
28. Bf1 Rf8 29. Bh3 Rc7 30. Rxc7 Nxc7 31. b4 Na6 32. Kg1 axb4 33. axb4 Ra8 34.
Ra1 Re8 35. Bf1 Rc8 36. Ra5 Rf8 37. Bxa6 bxa6 38. Qe2 Rc8 39. Rxa6 Qxb4 40. Rc6
Ra8 41. Rc1 Ra4 42. Re1 Ra2 43. Qe3 Ra3 44. Qe2 Rc3 45. Kg2 Rb3 46. Rc1 Rb2
1/2-1/2

[Event "Qatar Masters Open 2015"]
[Site "Doha QAT"]
[Date "2015.12.29"]
[Round "9.43"]
[White "Wang, Yiye"]
[Black "Svane, Rasmus"]
[Result "1/2-1/2"]
[WhiteElo "2438"]
[BlackElo "2529"]
[PlyCount "155"]
[EventDate "2015.12.20"]
[EventType "swiss"]
[EventRounds "9"]
[EventCountry "QAT"]
[Source "lmi"]
[SourceDate "2015.12.20"]

1. d4 Nf6 2. c4 e6 3. Nf3 d5 4. cxd5 exd5 5. Bg5 Be7 6. Nc3 c6 7. Qc2 g6 8. e3
Bf5 9. Bd3 Bxd3 10. Qxd3 Nbd7 11. Bh6 Ng4 12. Bf4 O-O 13. h3 Ngf6 14. O-O Re8
15. Ne5 Nb6 16. Bh2 Bd6 17. f4 Qe7 18. Rae1 Ne4 19. Nxe4 dxe4 20. Qxe4 f6 21.
f5 fxe5 22. fxg6 Qg7 23. gxh7+ Kh8 24. Qf5 Bc7 25. Qh5 Rf8 26. dxe5 Nd5 27. e6
Bxh2+ 28. Kxh2 Qc7+ 29. Kg1 Qxh7 30. Qe5+ Qg7 31. Qh5+ Kg8 32. Kh2 Qc7+ 33. g3
Qh7 34. Qg4+ Qg7 35. Qe2 Rxf1 36. Rxf1 Rf8 37. e4 Nc7 38. Rf5 Nxe6 39. h4 b5
40. Qf2 c5 41. Qd2 Nd4 42. Rxf8+ Kxf8 43. Qf4+ Qf7 44. Qb8+ Kg7 45. Qe5+ Qf6
46. Qxc5 Qf2+ 47. Kh3 Qf1+ 48. Kg4 Qf3+ 49. Kh3 Qh1+ 50. Kg4 Qxe4+ 51. Kh3 Qh1+
52. Kg4 Qd1+ 53. Kh3 Qf1+ 54. Kg4 Qf3+ 55. Kh3 Nf5 56. Qxa7+ Kg6 57. Qb8 Qf1+
58. Kh2 Qe2+ 59. Kh3 Qe6 60. Qf4 Qd5 61. Qg5+ Kf7 62. Kg4 Qe4+ 63. Qf4 Qxf4+
64. Kxf4 Nd6 65. Ke5 Nc4+ 66. Kd4 Nxb2 67. Kc5 Nd1 68. Kb4 Ne3 69. Kxb5 Nf5 70.
a4 Nxg3 71. a5 Nf5 72. Kc6 Nd4+ 73. Kb6 Nf5 74. Kc7 Nd4 75. Kb6 Nf5 76. Kc5 Ne7
77. Kd6 Nc8+ 78. Kc7 1/2-1/2

[Event "Qatar Masters Open 2015"]
[Site "Doha QAT"]
[Date "2015.12.29"]
[Round "9.45"]
[White "Khademalsharieh, Sarasadat"]
[Black "Sundararajan, Kidambi"]
[Result "1/2-1/2"]
[WhiteElo "2380"]
[BlackElo "2513"]
[PlyCount "121"]
[EventDate "2015.12.20"]
[EventType "swiss"]
[EventRounds "9"]
[EventCountry "QAT"]
[Source "lmi"]
[SourceDate "2015.12.20"]

1. d4 Nf6 2. c4 e6 3. Nf3 d5 4. Nc3 c6 5. Bg5 Be7 6. e3 Nbd7 7. Bd3 O-O 8. Rc1
dxc4 9. Bxc4 Nd5 10. Bxe7 Qxe7 11. O-O Nxc3 12. Rxc3 e5 13. dxe5 Nxe5 14. Nxe5
Qxe5 15. Qd2 Bf5 16. Rd1 Qf6 17. Rcc1 Rad8 18. Qb4 b6 19. Qb3 h6 20. f3 b5 21.
Be2 Be6 22. Qa3 a5 23. Rxd8 Qxd8 24. Qd3 Qxd3 25. Bxd3 Rd8 26. Be4 Bxa2 27.
Rxc6 Kf8 28. Kf1 a4 29. Ke1 Ke7 30. Bc2 Bc4 31. Rb6 Rd6 32. Rb7+ Rd7 33. Rb6
Kd8 34. Be4 Ra7 35. g4 Kc7 36. Rc6+ Kd7 37. Rb6 a3 38. bxa3 Rxa3 39. Kf2 Kc7
40. Rc6+ Kd7 41. Rb6 Ra2+ 42. Kg3 Re2 43. h4 Rxe3 44. g5 hxg5 45. hxg5 Re1 46.
g6 fxg6 47. Rb7+ Ke6 48. Rxg7 Rg1+ 49. Kf2 Kf6 50. Rc7 Rg5 51. Rc6+ Kg7 52. f4
Rg4 53. Kf3 Rg1 54. Kf2 Rf1+ 55. Ke3 Re1+ 56. Kf3 Bf7 57. Rb6 Be8 58. Rb8 Kf7
59. Rb6 Kg7 60. Rb8 Kf7 61. Rb6 1/2-1/2

[Event "Qatar Masters Open 2015"]
[Site "Doha QAT"]
[Date "2015.12.29"]
[Round "9.46"]
[White "Schroeder, Jan-Christian"]
[Black "Carlsson, Pontus"]
[Result "1-0"]
[WhiteElo "2511"]
[BlackElo "2433"]
[PlyCount "192"]
[EventDate "2015.12.20"]
[EventType "swiss"]
[EventRounds "9"]
[EventCountry "QAT"]
[Source "lmi"]
[SourceDate "2015.12.20"]

1. d4 Nf6 2. Nf3 e6 3. e3 b6 4. Bd3 Bb7 5. O-O d5 6. b3 Bd6 7. Bb2 O-O 8. Nbd2
Ne4 9. c4 Nd7 10. Ne5 Bxe5 11. dxe5 Ndc5 12. Nf3 Nxd3 13. Qxd3 Nc5 14. Qe2 dxc4
15. Rfd1 Bxf3 16. Qxf3 Qe8 17. bxc4 Qa4 18. Bd4 Na6 19. Qe2 Rad8 20. Bc3 Qa3
21. Qc2 Nb4 22. Qb3 Qxb3 23. axb3 Nc2 24. Rac1 a5 25. c5 Rxd1+ 26. Rxd1 Na3 27.
cxb6 cxb6 28. Bd4 Rd8 29. Rc1 h5 30. Bxb6 Rd3 31. Bxa5 Rxb3 32. h3 Kh7 33. Kh2
Rb5 34. Bc7 Rd5 35. f4 Rd3 36. Bb6 Nb5 37. Rb1 Na3 38. Rc1 Nb5 39. Kg3 Nc3 40.
Kf3 Nd5 41. Bd4 Rd2 42. Bc3 Rd3 43. Bd4 Rd2 44. Re1 Kg6 45. Rb1 Ne7 46. Bc5 Nf5
47. g4 Nh6 48. Rg1 hxg4+ 49. hxg4 Rh2 50. Rg3 Rc2 51. Bd4 Rd2 52. Rh3 Rd1 53.
Rg3 Rf1+ 54. Ke2 Rb1 55. e4 f6 56. exf6 gxf6 57. g5 fxg5 58. Rxg5+ Kf7 59. Rg7+
Ke8 60. Rg6 Nf7 61. Rxe6+ Kd7 62. Rb6 Rh1 63. e5 Rh6 64. Rb7+ Ke8 65. Kf3 Nd8
66. Rb6 Ne6 67. Be3 Kf7 68. Ke4 Rh4 69. Rb7+ Kg6 70. Re7 Ng7 71. Ra7 Ne6 72.
Ra6 Kf7 73. Ra1 Kg6 74. Rg1+ Kf7 75. Rg2 Ng7 76. Bf2 Rh5 77. Rg1 Rh2 78. Be3
Rh5 79. Ra1 Rh4 80. Ra7+ Kg6 81. Ra6+ Kf7 82. Rf6+ Ke8 83. Kd5 Rh5 84. Bc5 Nf5
85. Ke4 Ng3+ 86. Kf3 Nf1 87. f5 Nd2+ 88. Kg4 Rh8 89. Ra6 Rg8+ 90. Kf4 Nb3 91.
Ra8+ Kf7 92. e6+ Kg7 93. Rxg8+ Kxg8 94. Be3 Na5 95. f6 Nb7 96. Kf5 Nd6+ 1-0

[Event "Qatar Masters Open 2015"]
[Site "Doha QAT"]
[Date "2015.12.29"]
[Round "9.47"]
[White "Sanal, Vahap"]
[Black "Abhishek, Kelkar"]
[Result "1-0"]
[WhiteElo "2487"]
[BlackElo "2393"]
[PlyCount "59"]
[EventDate "2015.12.20"]
[EventType "swiss"]
[EventRounds "9"]
[EventCountry "QAT"]
[Source "lmi"]
[SourceDate "2015.12.20"]

1. e4 Nf6 2. e5 Nd5 3. d4 d6 4. Nf3 dxe5 5. Nxe5 c6 6. Bc4 Nd7 7. Qe2 Nxe5 8.
dxe5 Bf5 9. O-O Qd7 10. Bb3 O-O-O 11. Nc3 Nxc3 12. bxc3 e6 13. Be3 Be7 14. Bxa7
Qc7 15. Rab1 Rd7 16. Bb6 Qb8 17. Rfd1 Bd8 18. Rxd7 Kxd7 19. Rd1+ Ke7 20. Bc5+
Ke8 21. g4 Bg6 22. f4 Be7 23. Bd6 Qa7+ 24. Kg2 h5 25. Bxe7 Kxe7 26. f5 exf5 27.
Qd2 Ra8 28. Qd6+ Ke8 29. e6 Qe3 30. exf7+ 1-0

[Event "Qatar Masters Open 2015"]
[Site "Doha QAT"]
[Date "2015.12.29"]
[Round "9.48"]
[White "Firouzja, Alireza"]
[Black "Neelotpal, Das"]
[Result "1-0"]
[WhiteElo "2372"]
[BlackElo "2475"]
[PlyCount "117"]
[EventDate "2015.12.20"]
[EventType "swiss"]
[EventRounds "9"]
[EventCountry "QAT"]
[Source "lmi"]
[SourceDate "2015.12.20"]

1. Nf3 Nf6 2. g3 d5 3. Bg2 e6 4. O-O Be7 5. d3 c5 6. Nbd2 Nc6 7. e4 O-O 8. Re1
b5 9. e5 Nd7 10. Nf1 b4 11. h4 a5 12. Bf4 a4 13. N1h2 a3 14. b3 Bb7 15. Bh3 Rc8
16. Ng5 Qe8 17. Ng4 Nd4 18. Ne3 Kh8 19. Bg2 Nxe5 20. Bxe5 f6 21. Bxd4 cxd4 22.
Nxe6 dxe3 23. Rxe3 Rf7 24. d4 Rc3 25. Rxc3 bxc3 26. Nf4 Bd6 27. Nxd5 f5 28. Qe1
Qf8 29. f4 Bxd5 30. Bxd5 Re7 31. Qf2 Bb8 32. Rd1 Ba7 33. Bf3 Qd8 34. Kg2 Rd7
35. Qe3 Bxd4 36. Qe6 g6 37. Bc6 Rd6 38. Qe8+ Qxe8 39. Bxe8 Bc5 40. Rxd6 Bxd6
41. h5 Kg7 42. hxg6 hxg6 43. Kf3 Kf6 44. g4 Bc5 45. gxf5 gxf5 46. Ke2 Bd6 47.
Kd3 Bxf4 48. Kxc3 Ke5 49. b4 Kd6 50. Bg6 Ke5 51. Kb3 Bc1 52. c4 f4 53. Bh5 Ke4
54. c5 Kd5 55. Bf3+ Ke6 56. b5 Be3 57. Kc4 Kd7 58. b6 Kc8 59. Kb5 1-0

[Event "Qatar Masters Open 2015"]
[Site "Doha QAT"]
[Date "2015.12.29"]
[Round "9.49"]
[White "Krush, Irina"]
[Black "Mohammad, Nubairshah Shaikh"]
[Result "1/2-1/2"]
[WhiteElo "2468"]
[BlackElo "2414"]
[PlyCount "93"]
[EventDate "2015.12.20"]
[EventType "swiss"]
[EventRounds "9"]
[EventCountry "QAT"]
[Source "lmi"]
[SourceDate "2015.12.20"]

1. d4 d5 2. c4 c6 3. cxd5 cxd5 4. Bf4 Nc6 5. e3 Nf6 6. Nc3 Bf5 7. Qb3 Na5 8.
Qa4+ Bd7 9. Qc2 e6 10. Bd3 Nh5 11. Be5 Nc6 12. Be2 Nf6 13. Nf3 Rc8 14. O-O Be7
15. a3 Nxe5 16. Nxe5 O-O 17. Bd3 g6 18. f4 Be8 19. g4 Nd7 20. Nxd7 Bxd7 21. Qe2
f5 22. g5 a6 23. h4 h5 24. Rfc1 Qb6 25. Rc2 Rc7 26. Rac1 Rfc8 27. Kf2 Kf7 28.
Nb1 Rxc2 29. Rxc2 Rxc2 30. Qxc2 Bb5 31. Qb3 Qa5 32. Bxb5 axb5 33. Qc2 b4 34. a4
b5 35. axb5 Qxb5 36. Nd2 Qa6 37. Nf3 Bd6 38. Ne1 Ke7 39. Nd3 Kd7 40. Ke2 Qa1
41. Qc1 Qxc1 42. Nxc1 Kc6 43. Kd3 Kb6 44. Kc2 Be7 45. Kb3 Kb5 46. Nd3 Bd6 47.
Ne1 1/2-1/2

[Event "Qatar Masters Open 2015"]
[Site "Doha QAT"]
[Date "2015.12.29"]
[Round "9.52"]
[White "Tabatabaei, M.Amin"]
[Black "Nezad, Husein Aziz"]
[Result "1-0"]
[WhiteElo "2482"]
[BlackElo "2425"]
[PlyCount "69"]
[EventDate "2015.12.20"]
[EventType "swiss"]
[EventRounds "9"]
[EventCountry "QAT"]
[Source "lmi"]
[SourceDate "2015.12.20"]

1. e4 e5 2. Nf3 Nc6 3. Bb5 a6 4. Ba4 Nf6 5. O-O b5 6. Bb3 Bc5 7. c3 d6 8. d4
Bb6 9. a4 Rb8 10. Na3 O-O 11. axb5 axb5 12. Nxb5 Bg4 13. Re1 Bxf3 14. gxf3 Nh5
15. Kh1 Qf6 16. Rg1 Nf4 17. Be3 Ne7 18. Na3 Ra8 19. Nc4 Rxa1 20. Qxa1 Ne2 21.
Rg2 Ng6 22. Bd1 Nef4 23. Nxb6 cxb6 24. Rg1 d5 25. dxe5 Qxe5 26. Qa4 Nd3 27. Qd4
Qxd4 28. Bxd4 dxe4 29. fxe4 Nxb2 30. Be2 Na4 31. h4 f6 32. h5 Nf4 33. Bc4+ Kh8
34. h6 g6 35. Ra1 1-0

[Event "Qatar Masters Open 2015"]
[Site "Doha QAT"]
[Date "2015.12.29"]
[Round "9.53"]
[White "Ali Marandi, Cemil Can"]
[Black "Seyb, Alexander"]
[Result "1/2-1/2"]
[WhiteElo "2454"]
[BlackElo "2425"]
[PlyCount "32"]
[EventDate "2015.12.20"]
[EventType "swiss"]
[EventRounds "9"]
[EventCountry "QAT"]
[Source "lmi"]
[SourceDate "2015.12.20"]

1. d4 Nf6 2. Bg5 e6 3. e4 h6 4. Bxf6 Qxf6 5. Nf3 d6 6. Nc3 a6 7. Bd3 Nd7 8. Qd2
g6 9. O-O-O Bg7 10. Rhe1 Qe7 11. g4 b6 12. Bc4 Bb7 13. Nd5 Qd8 14. Nf4 Qe7 15.
Nd5 Qd8 16. Nf4 Qe7 1/2-1/2

[Event "Qatar Masters Open 2015"]
[Site "Doha QAT"]
[Date "2015.12.29"]
[Round "9.54"]
[White "Haria, Ravi"]
[Black "Lorparizangeneh, Shahin"]
[Result "0-1"]
[WhiteElo "2416"]
[BlackElo "2454"]
[PlyCount "108"]
[EventDate "2015.12.20"]
[EventType "swiss"]
[EventRounds "9"]
[EventCountry "QAT"]
[Source "lmi"]
[SourceDate "2015.12.20"]

1. Nf3 d5 2. g3 g6 3. Bg2 Bg7 4. d4 Nf6 5. c4 c6 6. O-O O-O 7. Qb3 a5 8. cxd5
a4 9. Qd1 cxd5 10. Nc3 Qa5 11. Bf4 Nc6 12. Rc1 Ne4 13. Ne5 Nxe5 14. Bxe5 Bxe5
15. dxe5 Nxc3 16. Rxc3 Be6 17. Qd4 Qb5 18. Qd2 d4 19. Rc7 Qxe5 20. Rxe7 Rad8
21. Rc1 b5 22. h4 Rfe8 23. Rxe8+ Rxe8 24. a3 Bc4 25. Bf3 h5 26. Kg2 Re6 27. Rd1
Rd6 28. Qf4 Qxf4 29. gxf4 Kg7 30. Rd2 Kf6 31. e4 Ke6 32. e5 Rd8 33. Be4 f5 34.
exf6 Kxf6 35. f3 Rd6 36. Kf2 Ke7 37. f5 gxf5 38. Bxf5 Kf6 39. Bd3 Bxd3 40. Rxd3
Kf5 41. Rd2 Rd5 42. Ke2 Kf4 43. Kd3 Kxf3 44. Re2 Kg4 45. Re4+ Kg3 46. Ke2 Rf5
47. Kd3 Rf3+ 48. Kc2 Rf4 49. Re5 Kxh4 50. Rxb5 Kg4 51. b3 axb3+ 52. Rxb3 h4 53.
Rb1 h3 54. a4 h2 0-1

[Event "Qatar Masters Open 2015"]
[Site "Doha QAT"]
[Date "2015.12.29"]
[Round "9.55"]
[White "Firat, Burak"]
[Black "Abdumalik, Zhansaya"]
[Result "1-0"]
[WhiteElo "2446"]
[BlackElo "2390"]
[PlyCount "89"]
[EventDate "2015.12.20"]
[EventType "swiss"]
[EventRounds "9"]
[EventCountry "QAT"]
[Source "lmi"]
[SourceDate "2015.12.20"]

1. e4 e5 2. Nf3 Nc6 3. d4 exd4 4. Nxd4 Nf6 5. Nxc6 bxc6 6. e5 Qe7 7. Qe2 Nd5 8.
c4 Nb6 9. Nc3 Ba6 10. b3 f6 11. exf6 gxf6 12. Bb2 O-O-O 13. O-O-O Rg8 14. g3
Bb7 15. Qxe7 Bxe7 16. Bd3 h5 17. Rhe1 Rde8 18. Bh7 Rg7 19. Bf5 Rf8 20. Re2 c5
21. Rde1 Kd8 22. Ne4 Bxe4 23. Rxe4 Nc8 24. h4 c6 25. Bc3 Bd6 26. Rd1 Kc7 27.
Re3 Nb6 28. a4 Rff7 29. Re8 Rf8 30. Rde1 Rfg8 31. Bc2 Kb7 32. Bd1 Rxe8 33. Rxe8
Rh7 34. a5 Nc8 35. a6+ Kc7 36. Bxf6 Rf7 37. Bd8+ Kb8 38. f4 Rg7 39. Bg5 Kc7 40.
f5 Bxg3 41. f6 Rxg5 42. hxg5 Nd6 43. g6 Bf4+ 44. Kb1 Nxe8 45. f7 1-0

[Event "Qatar Masters Open 2015"]
[Site "Doha QAT"]
[Date "2015.12.29"]
[Round "9.56"]
[White "Puranik, Abhimanyu"]
[Black "Guramishvili, Sopiko"]
[Result "1-0"]
[WhiteElo "2442"]
[BlackElo "2368"]
[PlyCount "99"]
[EventDate "2015.12.20"]
[EventType "swiss"]
[EventRounds "9"]
[EventCountry "QAT"]
[Source "lmi"]
[SourceDate "2015.12.20"]

1. e4 c5 2. c3 Nf6 3. e5 Nd5 4. Bc4 Nb6 5. Bb3 d5 6. exd6 Qxd6 7. Ne2 c4 8. Bc2
e5 9. O-O Be6 10. b3 N8d7 11. bxc4 Bxc4 12. Re1 Qc7 13. a4 Be7 14. Na3 Be6 15.
d4 Rd8 16. Qd3 h5 17. f4 e4 18. Qxe4 Nf6 19. Qe5 Qc8 20. f5 Bd6 21. Qa5 Bd7 22.
Nb5 Bxb5 23. Qxb5+ Kf8 24. Bg5 Qc7 25. h3 Bh2+ 26. Kh1 Rd5 27. Qd3 h4 28. Qf3
Rd7 29. Bb3 Nbd5 30. Bxd5 Nxd5 31. c4 Nf6 32. c5 Nd5 33. Qe4 Nf6 34. Qf3 Nd5
35. Rab1 Bg3 36. Nxg3 hxg3 37. Re5 Qc6 38. Rbe1 Nc7 39. Be7+ Kg8 40. Qxg3 Rxd4
41. Bd6 Rhh4 42. Bxc7 Rdg4 43. Qh2 Qxa4 44. Bd8 f6 45. Bxf6 gxf6 46. Re8+ Kh7
47. R1e7+ Kh6 48. Rh8+ Kg5 49. Rg7+ Kxf5 50. hxg4+ 1-0

[Event "Qatar Masters Open 2015"]
[Site "Doha QAT"]
[Date "2015.12.29"]
[Round "9.57"]
[White "Derakhshani, Dorsa"]
[Black "Vogel, Roven"]
[Result "0-1"]
[WhiteElo "2307"]
[BlackElo "2439"]
[PlyCount "42"]
[EventDate "2015.12.20"]
[EventType "swiss"]
[EventRounds "9"]
[EventCountry "QAT"]
[Source "lmi"]
[SourceDate "2015.12.20"]

1. e4 c5 2. Nf3 e6 3. d4 cxd4 4. Nxd4 a6 5. Nc3 Qc7 6. Bd3 Nf6 7. Nb3 b5 8. f4
Bb7 9. Qf3 d6 10. O-O Be7 11. Be3 Nbd7 12. a3 h6 13. Rae1 g5 14. fxg5 hxg5 15.
Bxg5 O-O-O 16. Nd4 d5 17. h3 Qe5 18. Qe3 Bc5 19. Nce2 dxe4 20. b4 Nd5 21. Bf4
Qg7 0-1

[Event "Qatar Masters Open 2015"]
[Site "Doha QAT"]
[Date "2015.12.29"]
[Round "9.58"]
[White "Sagar, Shah"]
[Black "Dai, Changren"]
[Result "0-1"]
[WhiteElo "2441"]
[BlackElo "2328"]
[PlyCount "66"]
[EventDate "2015.12.20"]
[EventType "swiss"]
[EventRounds "9"]
[EventCountry "QAT"]
[Source "lmi"]
[SourceDate "2015.12.20"]

1. e4 c5 2. Nc3 Nc6 3. f4 g6 4. Nf3 Bg7 5. Bb5 Nd4 6. O-O e6 7. e5 a6 8. Bd3 f5
9. exf6 Nxf6 10. Nxd4 cxd4 11. Ne4 O-O 12. Nxf6+ Rxf6 13. a4 Qc7 14. b3 Rxf4
15. Rxf4 Qxf4 16. Ba3 b6 17. g3 Qc7 18. Be4 d5 19. Bg2 Bb7 20. d3 Re8 21. Qe2
e5 22. Rf1 e4 23. Bb2 Rc8 24. dxe4 Qxc2 25. Qg4 Qxb2 26. Qe6+ Kh8 27. Qd7 h5
28. exd5 d3 29. Qxb7 Rc1 30. Qf7 Qd4+ 31. Qf2 d2 32. Bf3 d1=Q 33. Bxd1 Rxd1 0-1